[Event "12. Online Aktivschach WM"]
[Site "Schachcomputer.info"]
[Date "2016.01.17"]
[Round "3.10"]
[White "Tasc R30 V2.2"]
[Black "Mephisto Chess Challenger 40 MHz"]
[Result "1-0"]
[WhiteElo "2367"]
[BlackElo "2200"]
[PlyCount "109"]

1. Nf3 c5 2. e4 d6 3. d4 cxd4 4. Nxd4 Nf6 5. Nc3 e6 6. g3 e5 7. Bb5+ Bd7 8.
Bxd7+ Qxd7 9. Nb3 Qh3 10. Bg5 Qg2 11. Rf1 Nbd7 12. Qe2 Rc8 13. O-O-O Rxc3 14.
bxc3 Nxe4 15. Rg1 d5 16. Rxg2 Ba3+ 17. Kb1 Nxc3+ 18. Ka1 Nxe2 19. Rxd5 Bb4 20.
f3 Nc3 21. Rd3 Na4 22. c3 Be7 23. Be3 b6 24. Rgd2 Nf6 25. Re2 Nd7 26. Bf2 f5
27. h4 Rf8 28. Re1 g6 29. Re2 e4 30. Rde3 Ne5 31. fxe4 Ng4 32. exf5 Nxe3 33.
Rxe3 Rxf5 34. Be1 b5 35. Nd4 Nc5 36. Nxf5 gxf5 37. Rf3 a6 38. Rxf5 Nd3 39. Bd2
Nc5 40. Be3 Nd7 41. Bd4 Nf8 42. Rh5 Bd6 43. Be5 Bxe5 44. Rxe5+ Kd7 45. Rh5 Kd6
46. Rh6+ Kd5 47. Kb2 a5 48. Rf6 Ne6 49. Rf7 h5 50. Rf5+ Kc4 51. Rxh5 Nc5 52.
Rxc5+ Kxc5 53. h5 Kc4 54. h6 b4 55. cxb4 1-0

[Event "12. Online Aktivschach WM"]
[Site "Schachcomputer.info"]
[Date "2016.01.16"]
[Round "3.11"]
[White "Mephisto London 68030"]
[Black "Pewatronic Master Chess"]
[Result "1/2-1/2"]
[WhiteElo "2339"]
[BlackElo "2203"]
[PlyCount "139"]

1. c4 e5 2. Nc3 Nf6 3. Nf3 Nc6 4. g3 d5 5. cxd5 Nxd5 6. Bg2 Be6 {Buchende
London} 7. O-O Nb6 8. d3 {Buchende Pewa MC} Be7 9. a3 O-O 10. b4 f5 11. Bb2 Bf6
12. Nd2 Nd5 13. Na4 Bf7 14. Nc5 b6 15. Na6 Nd4 16. Rc1 Rc8 17. e3 Nb5 18. Nc4
e4 19. Ne5 Ndc3 20. Bxc3 Nxc3 21. Rxc3 Bxe5 22. d4 Bd6 23. f3 Bh5 24. Qb3+ Kh8
25. Qc2 exf3 26. Bxf3 Bxf3 27. Rxf3 Qd7 28. Rc6 g6 29. Qc3 Rfe8 30. Qc4 Re7 31.
Kf2 Rd8 32. Qc3 Qc8 33. b5 Rde8 34. a4 Qe6 35. Nxc7 Qa2+ 36. Kg1 Rxc7 37. Rxc7
Bxc7 38. Qxc7 Qxa4 39. Qd7 Rg8 40. Qd5 Re8 41. Qc6 Re4 42. d5 Rb4 43. Rf1 Qxb5
44. Qa8+ Kg7 45. Qxa7+ Kh6 46. Qa3 Rb1 47. Rc1 Kh5 48. e4 fxe4 49. d6 g5 50.
Qe3 Rxc1+ 51. Qxc1 Qd5 52. Qc7 Qd1+ 53. Kf2 Qd2+ 54. Kf1 Qd3+ 55. Kg1 Qe3+ 56.
Kf1 Qf3+ 57. Kg1 h6 58. Qxb6 Qd1+ 59. Kg2 Qd2+ 60. Kg1 e3 61. Qb5 Kg6 62. Qe8+
Kf6 63. Qe7+ Kf5 64. Qf7+ Ke5 65. d7 e2 66. Qe7+ Kf5 67. Qf7+ Ke4 68. Qe6+ Kf3
69. Qf5+ Ke3 70. Qe6+ 1/2-1/2

[Event "12. Online Aktivschach WM"]
[Site "Schachcomputer.info"]
[Date "2016.01.26"]
[Round "3.12"]
[White "Mephisto Montreux"]
[Black "Fidelity Elite V11"]
[Result "1/2-1/2"]
[WhiteElo "2257"]
[BlackElo "2333"]
[PlyCount "79"]

1. e4 c5 2. Nf3 e6 3. d4 cxd4 4. Nxd4 Nf6 5. Nc3 d6 6. Bc4 Be7 7. Bb3 O-O 8.
Be3 Na6 9. f3 Nc5 10. Qd2 d5 11. exd5 exd5 12. O-O a5 13. Bg5 Be6 14. a3 Nxb3
15. cxb3 Rc8 16. Rfe1 Re8 17. Ncb5 Qb6 18. Rad1 Bd7 19. Nc3 Qc5 20. Kh1 h6 21.
Bh4 Qd6 22. Rxe7 Rxe7 $5 {Interessant in diesem Stadium der Partie. Der
Montreux gießt Öl ins Feuer.} 23. Bxf6 gxf6 24. Qxh6 {Ein Angriff ist nicht
wirklich in Sicht.} Rce8 25. g4 $5 {Und weiter geht's. Lässt den Turmtausch zu.
} Re1+ 26. Rxe1 Rxe1+ 27. Kg2 Re5 28. h4 $1 {Nur noch den König im Visier.} Re8
29. g5 $1 {Der Elite zeigt hier noch 1.89 für sich an. In Wahrheit gibt es nur
noch Dauerschach zum Remis. Sollte der Montreux das alles geplant habenHut
ab!} Qf4 30. Nxd5 Qd2+ 31. Kg3 Qe1+ 32. Kg2 Re2+ 33. Nxe2 Qxe2+ 34. Kg3 Qe1+
35. Kg2 Qd2+ 36. Kg3 Qxd5 37. gxf6 Qe5+ 38. Kg2 Qxb2+ 39. Kg3 Qe5+ 40. Kg2 {R.}
1/2-1/2

[Event "12. Online Aktivschach WM"]
[Site "Schachcomputer.info"]
[Date "2016.01.17"]
[Round "3.13"]
[White "Revelation II London"]
[Black "Mephisto Chess Explorer 32 MHz"]
[Result "1-0"]
[WhiteElo "2400"]
[BlackElo "2150"]
[PlyCount "89"]

1. e4 e5 2. Nf3 Nc6 3. d4 exd4 4. Nxd4 Bc5 5. Be3 Qf6 6. c3 Nge7 {*} 7. Bc4 Ne5
8. Be2 O-O 9. O-O {*} Re8 10. Nb5 Bb6 11. Bxb6 Qxb6 12. Qd4 d6 13. Qxb6 cxb6
14. Nc7 Bg4 15. Bxg4 Nxg4 16. Rd1 Nf6 17. Nxa8 Rxa8 18. Na3 d5 19. exd5 Nexd5
20. Nb5 a6 21. c4 Ne3 22. fxe3 axb5 23. cxb5 Re8 24. Rac1 Ng4 25. Rd7 h6 26.
Rxb7 Nxe3 27. Rxb6 Ra8 28. Ra6 Rb8 29. b6 Nd5 30. Ra8 Rxa8 31. b7 Nb6 32.
bxa8=Q+ Nxa8 33. Rc8+ Kh7 34. Rxa8 g5 35. b4 f5 36. b5 Kg6 37. b6 f4 38. b7 Kf6
39. Ra6+ Kf5 40. b8=Q Ke4 41. Qb4+ Kf5 42. Qe7 g4 43. Rf6+ Kg5 44. Qe5+ Kh4 45.
Rxh6# 1-0

[Event "12. Online Aktivschach WM"]
[Site "Schachcomputer.info"]
[Date "2016.01.16"]
[Round "3.14"]
[White "Mephisto Milano Pro"]
[Black "Novag Sapphire II"]
[Result "1-0"]
[WhiteElo "2163"]
[BlackElo "2153"]
[PlyCount "123"]

1. d4 d5 2. c4 dxc4 3. Nf3 Nf6 4. e3 Bg4 5. Bxc4 e6 6. Nbd2 Nbd7 7. O-O Nb6 8.
Bd3 Qd5 9. Qc2 O-O-O 10. e4 Qh5 11. h3 Bxh3 12. gxh3 Qxh3 13. Rd1 Bb4 14. Bf1
Qh5 15. Bg2 g5 16. Nc4 Nxc4 17. Bxg5 Rdg8 18. Qxc4 Rxg5 19. Nxg5 Qxg5 20. Rd3
Bd2 21. Rg3 Qf4 22. Rf3 Qg5 23. a4 Bf4 24. Qb5 e5 25. Rb3 b6 26. Qa6+ Kb8 27.
Qe2 Rg8 28. Qf3 exd4 29. a5 Qh4 30. axb6 Qh2+ 31. Kf1 cxb6 32. Rba3 a5 33. Rb3
Kc7 34. e5 Qxg2+ 35. Qxg2 Rxg2 36. Kxg2 Bxe5 37. Rc1+ Kb7 38. Rc5 a4 39. Rbb5
Bd6 40. Rc4 d3 41. Rxa4 Kc6 42. Rb3 d2 43. Rd4 Bf4 44. Rbd3 Be5 45. Rc4+ Kb7
46. Rxd2 h5 47. Kh3 Bc7 48. b4 b5 49. Rc5 Ne4 50. Rxb5+ Ka6 51. Rdd5 Nc3 52.
Ra5+ Bxa5 53. Rxa5+ Kb6 54. Rxh5 Na2 55. Rh6+ Kb5 56. Rf6 Nxb4 57. Rxf7 Nc6 58.
Rd7 Nb4 59. Rb7+ Kc5 60. Rxb4 Kxb4 61. f4 Kc5 62. Kg4 1-0

[Event "12. Online Aktivschach WM"]
[Site "Schachcomputer.info"]
[Date "2016.02.03"]
[Round "4.1"]
[White "Tasc CM 32 MHz Gideon 3.1"]
[Black "Tasc CM 32 MHz Gideon 3.0"]
[Result "1/2-1/2"]
[WhiteElo "2377"]
[BlackElo "2353"]
[PlyCount "97"]

1. d4 c6 2. e4 d5 3. exd5 cxd5 4. Bd3 Nf6 5. Nf3 Nc6 6. c3 Bg4 7. h3 Bh5 8. O-O
e6 9. Qb3 Qc8 10. Ne5 Nxe5 11. dxe5 Nd7 12. Bf4 a6 13. Qc2 Nc5 14. Nd2 Be7 15.
c4 Nxd3 16. Qxd3 Bg6 17. Qb3 Qd7 18. cxd5 exd5 19. Rfd1 Rc8 20. Rac1 O-O 21.
Nf3 Be4 22. Nd4 Bc5 23. f3 Bg6 24. Kh1 Rfd8 25. Qe3 Re8 26. Qd2 Qa4 27. Ne2
Qxa2 28. Nc3 Qa5 29. Nxd5 Qxd2 30. Bxd2 Rc6 31. Bb4 Bf8 32. Bd6 Rec8 33. Rxc6
Rxc6 34. Ne3 b5 35. f4 Bc2 36. Rd4 a5 37. b4 axb4 38. Nxc2 Rxc2 39. Rxb4 Rc8
40. Rxb5 g6 41. g4 Kg7 42. Kg2 Bxd6 43. exd6 Kf6 44. Rb7 Rf8 45. Kg3 Ke6 46.
Kh4 h6 47. d7 Rg8 48. f5+ gxf5 49. gxf5+ 1/2-1/2

[Event "12. Online Aktivschach WM"]
[Site "Schachcomputer.info"]
[Date "2016.02.01"]
[Round "4.2"]
[White "Tasc R30 V2.5"]
[Black "Revelation II Lyon"]
[Result "0-1"]
[WhiteElo "2368"]
[BlackElo "2310"]
[Annotator "Lang"]
[PlyCount "172"]

1. e4 e5 2. f4 exf4 3. Nf3 d6 4. Bc4 Be6 {R30 rechnet} 5. Bxe6 fxe6 6. d4 Qf6
7. Nc3 {Lyon rechnet} Ne7 8. O-O Ng6 9. Qd3 c6 10. e5 dxe5 11. Nxe5 Bc5 12. Kh1
Nxe5 13. dxe5 Qf5 14. Ne4 Na6 15. Bxf4 O-O 16. Rad1 Bb6 17. Qc4 Rab8 18. Rd7
Qg6 19. c3 Nc7 20. Rf3 Rbd8 21. Rdd3 Nd5 22. Bg5 Rc8 23. Bd2 Bc7 24. Nd6 Bxd6
25. exd6 Rcd8 26. Be1 e5 27. Bg3 Rfe8 28. Rd1 Rxd6 29. Qb3 Rd7 30. c4 Nf6 31.
Rxd7 Nxd7 32. Kg1 Nc5 33. Qa3 Qd6 34. Rf1 Ne4 35. Qxa7 Nxg3 36. hxg3 Qd4+ 37.
Qxd4 exd4 38. Rd1 Rd8 39. Rd3 Kf7 40. Kf2 Ke6 41. Ke2 Rd7 42. Rf3 Ke5 43. Kd3
b6 44. g4 c5 45. g5 Ra7 46. a3 Re7 47. g4 Kd6 48. Rh3 Ke6 49. Rxh7 Ke5 50. Rh8
Kf4 51. Rb8 Re6 52. b4 Kxg4 53. bxc5 bxc5 54. Rc8 Re5 55. a4 Kxg5 56. a5 Kf4
57. Kd2 Rh5 58. Kc2 Rh2+ 59. Kd3 Rh3+ 60. Kd2 Ra3 61. Rxc5 Ke4 62. Rg5 Ra2+ 63.
Kc1 Kd3 64. Rg3+ Kxc4 65. Rg5 Kc3 66. Kb1 Ra4 67. Rc5+ Kd2 68. Rc2+ Ke3 69. Rc5
d3 70. Re5+ Kd4 71. Rg5 Kc3 72. Rc5+ Kd2 73. Kb2 Rb4+ 74. Ka3 Rb7 75. Rd5 Re7
76. Kb3 Ke3 77. a6 d2 78. Kc2 Rc7+ 79. Kb3 g5 80. Rd8 Ke2 81. Re8+ Kd1 82. Kb2
Rc2+ 83. Kb1 Rc6 84. a7 Rb6+ 85. Ka2 Ra6+ 86. Kb2 Rxa7 0-1

[Event "12. Online Aktivschach WM"]
[Site "Schachcomputer.info"]
[Date "2016.01.31"]
[Round "4.3"]
[White "Mephisto Atlanta 32 MHz"]
[Black "Resurrection Ruffian"]
[Result "1-0"]
[WhiteElo "2301"]
[BlackElo "2379"]
[PlyCount "135"]

1. d4 d5 2. c4 c6 3. Nf3 Nf6 4. Nc3 e6 5. e3 Nbd7 6. Bd3 dxc4 7. Bxc4 b5 8. Bd3
a6 9. e4 c5 10. d5 c4 11. Bc2 Qc7 12. O-O Bb7 13. Ng5 Nc5 14. Qe2 Bd6 15. Nf3
Ncd7 16. Bg5 e5 17. Rfd1 O-O 18. Rd2 b4 19. Na4 h6 20. Bh4 c3 21. bxc3 g5 22.
Bg3 bxc3 23. Rd3 g4 24. Nh4 Qc4 25. Nf5 Qxe4 26. Qxe4 Nxe4 27. Nxc3 Nxc3 28.
Rxc3 Bc5 29. Nxh6+ Kg7 30. Nf5+ Kg8 31. Rc1 Rfd8 32. Ba4 Bf8 33. Rc7 Bxd5 34.
Bxd7 Be4 35. Ne3 Bd6 36. Rc8 Rdxc8 37. Rxc8+ Kh7 38. Nxg4 Kg7 39. Bxe5+ Bxe5
40. Nxe5 Ra7 41. Re8 Rb7 42. h4 Rb1+ 43. Kh2 Ra1 44. a4 Ra2 45. Kg3 Bc2 46. Ra8
Ra3+ 47. Kf4 f6 48. Ng4 Rd3 49. Ra7 Rd4+ 50. Kg3 Kf8 51. Nxf6 Rd6 52. Ng4 Rd4
53. a5 Rd6 54. Kf4 Rd4+ 55. Kg5 Rd6 56. Ne5 Be4 57. g4 Rd5 58. Kf6 Rd6+ 59. Be6
Rxe6+ 60. Kxe6 Ke8 61. Re7+ Kd8 62. Nf7+ Kc8 63. Nd6+ Kb8 64. Nxe4 Kc8 65. Kd6
Kb8 66. Kc6 Ka8 67. Kb6 Kb8 68. Re8# 1-0

[Event "12. Online Aktivschach WM"]
[Site "Schachcomputer.info"]
[Date "2016.01.28"]
[Round "4.4"]
[White "Millennium ChessGenius 80 MHz"]
[Black "Tasc R30 V2.23"]
[Result "0-1"]
[WhiteElo "2250"]
[BlackElo "2367"]
[PlyCount "102"]

1. e4 c5 2. Nf3 d6 3. c3 Nf6 4. Be2 {Buchende Schwarz} Nc6 {Buchende Weiss} 5.
d3 e5 6. c4 Be7 7. Nc3 O-O 8. O-O Qb6 9. b3 Bg4 10. Bd2 Rfe8 11. Na4 Qc7 12.
Bc3 Nd7 13. Nd2 Bxe2 14. Qxe2 Nf8 15. f4 exf4 16. Rxf4 d5 17. Rff1 d4 18. Bb2
Bg5 19. Rf5 Be3+ 20. Kh1 g6 21. Rf6 Nd7 22. Rff1 b6 23. Rac1 Nb4 24. a3 Nc6 25.
Rc2 f5 26. Re1 Nf6 27. Rf1 Ng4 28. g3 Bh6 29. Rg1 Rad8 30. h3 Nf6 31. Qg2 fxe4
32. Nxe4 Nxe4 33. dxe4 Be3 34. Rd1 Qe7 35. Re2 Bh6 36. Kh2 Ne5 37. Kh1 Rf8 38.
Rf2 Rxf2 39. Qxf2 Rf8 40. Qe2 Rf3 41. Kg2 Qg5 42. Qe1 Nd3 43. Rxd3 Rxd3 44. Kh2
Rd2+ 45. Kg1 Qf6 46. Bc3 dxc3 47. Nxc3 Qxc3 48. Qxd2 Qxd2 49. e5 Be3+ 50. Kh1
Qf2 51. h4 Qg1# 0-1

[Event "12. Online Aktivschach WM"]
[Site "Schachcomputer.info"]
[Date "2016.01.31"]
[Round "4.5"]
[White "Novag Star Diamond"]
[Black "Revelation II Vancouver"]
[Result "1/2-1/2"]
[WhiteElo "2183"]
[BlackElo "2350"]
[PlyCount "95"]

1. e4 e5 2. Nf3 Nf6 3. Nxe5 d6 4. Nf3 Nxe4 5. Qe2 Qe7 6. d3 Nf6 7. Bg5 Qxe2+ 8.
Bxe2 Be7 9. Nc3 c6 10. O-O-O Na6 11. Rhe1 Nc7 12. Ne4 Nxe4 13. dxe4 Bxg5+ 14.
Nxg5 Ke7 15. f4 Ne6 16. Nh3 Nc5 17. Nf2 Rd8 18. Bf3 Be6 19. e5 dxe5 20. Rxe5
Rxd1+ 21. Bxd1 Kd6 22. Bg4 Bxg4 23. Nxg4 f6 24. Re1 Rd8 25. f5 a5 26. Rd1+ Ke7
27. Rxd8 Kxd8 28. Kd2 Kc7 29. Ke3 Na4 30. b3 Nc3 31. a4 b5 32. Kd3 Nd5 33. Kd4
bxa4 34. bxa4 Kd6 35. g3 h5 36. Nf2 c5+ 37. Kd3 Nb6 38. Ne4+ Kd5 39. c4+ Kc6
40. Nc3 Kd7 41. Nd5 Nxa4 42. Nf4 h4 43. gxh4 Nb2+ 44. Kc3 Nd1+ 45. Kd2 Nb2 46.
Kc3 Nd1+ 47. Kd2 Nb2 48. Kc3 1/2-1/2

[Event "12. Online Aktivschach WM"]
[Site "Schachcomputer.info"]
[Date "2016.02.07"]
[Round "4.6"]
[White "Mephisto Atlanta"]
[Black "Tasc R30 V2.2"]
[Result "1/2-1/2"]
[WhiteElo "2266"]
[BlackElo "2367"]
[PlyCount "33"]

1. c4 Nf6 2. d4 e5 3. e3 exd4 4. exd4 Bb4+ 5. Bd2 Bxd2+ 6. Nxd2 O-O 7. Ngf3 d5
8. Be2 Nc6 9. O-O dxc4 10. Nxc4 Re8 11. Ne3 Be6 12. Bb5 Qd6 13. Qa4 Bd7 14. Qb3
Be6 15. Qa4 Bd7 16. Qb3 Be6 17. Qa4 1/2-1/2

[Event "12. Online Aktivschach WM"]
[Site "Schachcomputer.info"]
[Date "2016.02.07"]
[Round "4.7"]
[White "Tasc CM 32 MHz King 2.54"]
[Black "Revelation II Diablo"]
[Result "1-0"]
[WhiteElo "2376"]
[BlackElo "2169"]
[PlyCount "79"]

1. e4 e5 2. Nf3 d6 3. d4 Nf6 4. Nc3 exd4 5. Nxd4 g6 6. Be3 Bg7 7. Bc4 Nbd7 8.
Nf3 Nb6 9. Bb3 O-O 10. O-O Bg4 11. h3 Bd7 12. Qd3 Qe7 13. a4 Bc6 14. a5 Nbd7
15. a6 Nxe4 16. axb7 Bxb7 17. Nd5 Bxd5 18. Bxd5 Ndc5 19. Qe2 Rae8 20. Rfb1 Nxf2
21. Kxf2 Bh6 22. Re1 Qf6 23. Bxh6 Rxe2+ 24. Rxe2 Qxb2 25. Rae1 Qb6 26. Kg3 Nd7
27. Re8 Qb5 28. R1e7 Kh8 29. c4 Qb8 30. Bxf8 Qxe8 31. Rxe8 Nf6 32. Rc8 h6 33.
Be7+ Kg7 34. Bxf6+ Kxf6 35. Rxc7 g5 36. Rxf7+ Kg6 37. h4 a5 38. h5+ Kxh5 39.
Rf6 a4 40. Bf7# 1-0

[Event "12. Online Aktivschach WM"]
[Site "Schachcomputer.info"]
[Date "2016.02.11"]
[Round "4.8"]
[White "Saitek Risc 2500"]
[Black "Tasc R30 Gideon"]
[Result "0-1"]
[WhiteElo "2244"]
[BlackElo "2318"]
[PlyCount "91"]

1. e4 e5 2. Nf3 Nc6 3. Bc4 Bc5 4. c3 Nf6 5. d4 exd4 6. cxd4 Bb4+ 7. Nc3 Nxe4 8.
O-O Bxc3 9. d5 Bf6 10. Re1 Ne7 11. Rxe4 d6 12. Bg5 Bxg5 13. Nxg5 h6 14. Qe2
hxg5 15. Re1 Be6 16. dxe6 f6 17. Re3 c6 18. Rh3 Rxh3 19. gxh3 g6 {Buchende Risc
} 20. h4 {Buchende Gideon} gxh4 21. Qg4 Qa5 22. Rd1 O-O-O 23. Qxh4 Qb4 24. Qd4
d5 25. b3 a6 26. h4 Re8 27. a3 Qxa3 28. Bd3 Nf5 29. Bxf5 gxf5 30. Qc3 Qd6 31.
Qxf6 Qxe6 32. Qxe6+ Rxe6 33. Kh2 Kd7 34. Kg3 Rh6 35. Rh1 c5 36. Kf4 Rh5 37. Ke5
c4 38. f4 cxb3 39. Rb1 Rxh4 40. Rxb3 b5 41. Ra3 Rh6 42. Kxf5 b4 43. Ra1 Re6 44.
Rb1 Rb6 45. Ke5 Rb5 46. f5 0-1

[Event "12. Online Aktivschach WM"]
[Site "Schachcomputer.info"]
[Date "2016.01.31"]
[Round "4.9"]
[White "Fidelity Designer 68030 50 MHz"]
[Black "Mephisto London 68030"]
[Result "0-1"]
[WhiteElo "2180"]
[BlackElo "2339"]
[PlyCount "98"]

1. d4 Nf6 2. c4 c5 3. d5 e6 4. Nc3 exd5 5. cxd5 d6 6. Nf3 g6 7. g3 Bg7 8. Bg2
O-O 9. O-O Bf5 10. Nh4 Bc8 11. Bg5 h6 12. Bd2 Re8 13. Qc1 g5 14. Nf3 Bf5 15.
Qd1 Nbd7 16. Rc1 Qb6 17. b3 Re7 18. e3 Bd3 19. Re1 Qa6 20. Kh1 b5 21. h4 b4 22.
Na4 Ne4 23. Kg1 Ndf6 24. hxg5 Ng4 25. Nh4 Nexf2 26. Qf3 hxg5 27. Nf5 Bxf5 28.
Qxf5 Qd3 29. Qxd3 Nxd3 30. Rc4 Nxe1 31. Rxg4 Nxg2 32. Kxg2 Re5 33. e4 f5 34.
Rxg5 fxe4 35. Rxe5 Bxe5 36. Kf2 Bd4+ 37. Ke2 Rf8 38. Bf4 Rf6 39. Kd2 Rf5 40.
Bxd6 Rxd5 41. Bf4 c4 42. Kc2 c3 43. g4 e3 44. Bg3 e2 45. Be1 Bf6 46. Bg3 Rd2+
47. Kb1 Rxa2 48. Nxc3 bxc3 49. Kxa2 c2 0-1

[Event "12. Online Aktivschach WM"]
[Site "Schachcomputer.info"]
[Date "2016.02.01"]
[Round "4.10"]
[White "Millennium ChessGenius"]
[Black "Revelation II London"]
[Result "1/2-1/2"]
[WhiteElo "2200"]
[BlackElo "2400"]
[PlyCount "143"]

1. c4 Nf6 2. Nf3 e6 3. d4 b6 4. g3 Bb7 5. Bg2 Be7 6. O-O O-O 7. Nc3 Ne4 8. Qc2
Nxc3 9. Qxc3 c5 10. Rd1 d6 11. dxc5 bxc5 12. Bf4 Nc6 13. Qd3 e5 14. Bd2 Qb6 15.
Bc3 Nd4 16. Ne1 Bxg2 17. Nxg2 Rab8 18. e3 Nf3+ 19. Kh1 Qc6 20. Qc2 f5 21. b3
Qe4 22. Qxe4 fxe4 23. Rd5 Ng5 24. Rf1 Nh3 25. Rd2 Bg5 26. Re2 a6 27. Ne1 Be7
28. Rd2 Ng5 29. Kg2 Rf5 30. Nc2 Rbf8 31. h4 Nf3 32. Re2 R8f6 33. Rh1 Rg6 34.
Kf1 Rf7 35. Na3 Bd8 36. Rc2 Rgf6 37. Nb1 Rf8 38. Kg2 Rg6 39. h5 Rg5 40. Nd2
Rxh5 41. Rxh5 Ne1+ 42. Kg1 Nxc2 43. Nxe4 Be7 44. Kg2 Nb4 45. Bxb4 cxb4 46. f4
g6 47. Rh1 h5 48. Rd1 Rd8 49. Rd5 exf4 50. exf4 Kf7 51. f5 gxf5 52. Rxf5+ Ke6
53. Rxh5 d5 54. cxd5+ Rxd5 55. Rxd5 Kxd5 56. Kf3 Ke5 57. g4 Bd8 58. Nc5 a5 59.
Kg3 Kd5 60. Na4 Ke5 61. Nb2 Ke4 62. Nc4 a4 63. Nb2 axb3 64. axb3 Bf6 65. Nc4
Bg5 66. Nb6 Kd4 67. Nc4 Kc3 68. Na5 Bd8 69. Nc6 Bg5 70. Na5 Bd8 71. Nc6 Bg5 72.
Na5 1/2-1/2

[Event "12. Online Aktivschach WM"]
[Site "Schachcomputer.info"]
[Date "2016.01.31"]
[Round "4.11"]
[White "Fidelity Elite V11"]
[Black "Mephisto Milano Pro"]
[Result "1-0"]
[WhiteElo "2333"]
[BlackElo "2163"]
[PlyCount "119"]

1. d4 Nf6 2. Nf3 d5 3. Bg5 Ne4 4. Bf4 c5 5. e3 Qb6 6. Qc1 e6 7. dxc5 Bxc5 8. c4
Qa5+ 9. Nbd2 Nxd2 10. Nxd2 d4 11. a3 dxe3 12. fxe3 Be7 13. b4 Qf5 14. g3 e5 15.
e4 Qf6 16. Be3 O-O 17. Bg2 b5 18. cxb5 Bd7 19. Qc4 Rd8 20. Nf3 a6 21. b6 Bc6
22. Rc1 Rc8 23. b7 Bxb7 24. Qxc8+ Bxc8 25. Rxc8+ Bf8 26. Bc5 Nd7 27. Rxa8 Nxc5
28. bxc5 Qc6 29. Rd8 Qxc5 30. Bf1 Qa5+ 31. Rd2 Qxa3 32. Kf2 f5 33. Bd3 Bb4 34.
Bc4+ Kf8 35. Rd8+ Ke7 36. Rd5 Qb2+ 37. Be2 Bc3 38. exf5 Qb6+ 39. Kf1 Qb1+ 40.
Rd1 Qxf5 41. Rc1 Bb4 42. Kg2 Qf6 43. Rhd1 e4 44. Nd4 Bd6 45. Rc6 e3 46. Rxa6 g6
47. Ra7+ Kd8 48. Rxh7 Qf2+ 49. Kh3 Ke8 50. Ra1 Qf7 51. Ra8+ Ke7 52. Ra7+ Kf6
53. Rhxf7+ Ke5 54. Nf3+ Kd5 55. Ra5+ Bc5 56. Rf6 g5 57. Kg4 Ke4 58. Rf5 Bd6 59.
Ra4+ Bb4 60. Rxb4# 1-0

[Event "12. Online Aktivschach WM"]
[Site "Schachcomputer.info"]
[Date "2016.01.29"]
[Round "4.12"]
[White "Mephisto Magellan"]
[Black "Mephisto Montreux"]
[Result "1-0"]
[WhiteElo "2239"]
[BlackElo "2257"]
[PlyCount "63"]

1. e4 e5 2. Bc4 {Buchende} Bc5 3. Nf3 d6 {Buchende} 4. c3 Nf6 5. d4 exd4 6.
cxd4 Bb4+ 7. Bd2 a5 8. Bxb4 axb4 9. Nbd2 Nxe4 10. Nxe4 d5 11. Qb3 dxc4 12. Qxc4
Be6 13. Qxb4 Bd5 14. Nc3 Nc6 15. Qb5 Bxf3 16. gxf3 Qe7+ 17. Kf1 O-O-O 18. d5
Nd4 19. Qa4 Qf6 20. f4 Qxf4 21. Rg1 g6 22. Rd1 c5 23. dxc6 bxc6 24. Rg3 Rhe8
25. Qa6+ Kb8 26. Ne2 Qe4 27. Nxd4 Rxd4 28. Qb6+ Kc8 29. Rxd4 Qh1+ 30. Rg1 Qf3
31. Qa6+ Kb8 32. Rg2 1-0

[Event "12. Online Aktivschach WM"]
[Site "Schachcomputer.info"]
[Date "2016.02.09"]
[Round "4.13"]
[White "Pewatronic Master Chess"]
[Black "Mephisto Chess Challenger 40 MHz"]
[Result "1-0"]
[WhiteElo "2203"]
[BlackElo "2200"]
[Annotator "Wiselius,Paul"]
[PlyCount "245"]

1. d4 d5 2. c4 dxc4 3. Nf3 Nf6 4. e3 e6 5. Bxc4 Nbd7 6. O-O c5 {*} 7. Qa4 {*}
cxd4 8. Nxd4 Be7 9. Bd2 Qc7 10. Rc1 Qd6 11. a3 O-O 12. Bb4 Nc5 13. Bxc5 Qxc5
14. b4 Qg5 15. Nd2 Rd8 16. N2f3 Qh5 17. Qb5 Bd7 18. Qxb7 Rdb8 19. Qc7 Rd8 20.
Be2 Qd5 21. Qe5 Bd6 22. Qxd5 Nxd5 23. Ra2 a5 24. b5 Rac8 25. Nc6 Bxc6 26. bxc6
Ne7 27. Bb5 Nd5 28. a4 Kf8 29. Kf1 Ke7 30. Ke2 Rc7 31. h3 Rdc8 32. Rac2 Nb4 33.
Rc4 g6 34. Nd2 Na2 35. Rd1 Be5 36. Kf3 Nb4 37. Nb3 Nxc6 38. Bxc6 Rxc6 39. Rxc6
Rxc6 40. Nxa5 Ra6 41. Nc4 Bc7 42. Ra1 e5 43. Ke4 Ke6 44. g4 f5+ 45. gxf5+ gxf5+
46. Kd3 Kd5 47. Kc3 Kc5 48. Kb3 Rh6 49. Rc1 Kd5 50. Rh1 Kc6 51. Kb4 Rh4 52. f3
Bd6+ 53. Kc3 Bc7 54. Kb3 Bb8 55. Rh2 Bc7 56. Kb4 Bb6 57. Kc3 Bc7 58. Kb3 Kb7
59. Kb4 Kc6 60. Kc3 Kc5 61. Nb2 Bd6 62. Kb3 Rb4+ 63. Kc2 e4 64. f4 Be7 {
...hier sind wir heute wieder angefangen:} 65. Kc1 Rb3 66. Rc2+ Kb4 67. Rc4+
Ka5 68. Nd1 Rd3 {[%emt 0:00:00] ...und hier spielt der CC4MHz schon etwas
anderes. Das vorherige spielverlauf lass ich als variant zum vergleich stehen..
. 0} (68... Ra3 69. Rc7 Ra1+ 70. Kc2 Bf6 71. Rf7 Be5 72. Rxf5 Rxa4 73. Rxe5+
Kb6 74. Nc3 Ra1 75. Rxe4 Rh1 76. Re6+ Kc5 77. Ne4+ Kd5 78. Re5+ Kc4 79. Rh5 Re1
80. Nd2+ Kb4 81. Kd3 Rc1 82. Rxh7 Rh1 {1-0}) 69. Kc2 Rd7 70. Nb2 Ba3 71. Kb3
Be7 72. Rc8 Rb7+ 73. Ka2 Kb4 74. Rc4+ Ka5 75. Rd4 Rxb2+ {? ...lass uns
annehmen dies ist keine bugsondern ein fehler im endspielkenntnis. Übrigens .
..} 76. Kxb2 Bf6 77. Kc3 h6 78. Kc4 Bxd4 79. Kxd4 Kxa4 80. Ke5 Kb5 81. Kxf5 Kc4
{...hier wollte ich schon aufgebenaber:} 82. Kg6 {? ...macht es sich sehr
schwierigdenn Kxe5 hätte doch einfach gewonnen...} Kd3 83. f5 Kxe3 84. f6 Kd2
85. f7 e3 86. f8=Q e2 87. Qxh6+ Kd1 88. Qh5 Kd2 89. Qa5+ {...der Pewa liebt
seine dame zu sehrwill sie (noch) nicht opfern für der schwarze bauer,
wonach es wieder sehr einfach zu gewinnen war...} Kd1 90. Qa1+ Kd2 91. Qd4+ Kc1
92. Qe3+ Kd1 93. Qd3+ Ke1 94. Kh5 Kf2 95. Qd2 Kf1 96. Qf4+ Kg1 97. Qc1+ {
? ...bis hier hat der Pewa das gut gespieltjetzt hat er aber anders spielen
müssen um der weisse könig näher kommen zu lassenz.b.} (97. Qe3+ Kf1 98. Qf3+
Ke1 99. Kg4) 97... Kf2 98. Qc5+ Kf1 99. Qc4 Kf2 100. Qd4+ Kf1 101. Qf6+ Kg2
102. Qe5 Kf1 103. Qf5+ Kg2 104. Qd5+ Kf2 105. Qa2 Kf1 106. Qa6 Kf2 107. Qb6+
Kf1 108. Qb5 Kf2 109. Qb2 Kf1 110. Qxe2+ {! ...na endlich ;)...} Kxe2 111. Kg5
Ke3 112. h4 Ke4 113. h5 Kd5 114. h6 Kd4 115. h7 Ke3 116. Kf5 Kd4 117. h8=Q+ Kc5
118. Qc3+ Kd6 119. Qc4 Kd7 120. Qc5 Ke8 121. Ke6 Kd8 122. Qc4 Ke8 123. Qc8# 1-0

[Event "12. Online Aktivschach WM"]
[Site "Schachcomputer.info"]
[Date "2016.01.29"]
[Round "4.14"]
[White "Mephisto Chess Explorer 32 MHz"]
[Black "Novag Sapphire II"]
[Result "0-1"]
[WhiteElo "2150"]
[BlackElo "2153"]
[PlyCount "118"]

1. d4 d5 2. c4 dxc4 3. Nf3 Nf6 4. e3 Bg4 {Buchende Weiss} 5. Bxc4 e6 6. h3 Bh5
7. Nbd2 {Buchende Schwarz} c5 8. Qb3 Qc7 9. O-O Nc6 10. Bb5 O-O-O 11. Bxc6 Qxc6
12. Ne5 Qc7 13. Qa4 cxd4 14. exd4 Kb8 15. Re1 Nd5 16. Nb3 f6 17. Nc4 Be8 18.
Qa5 b6 19. Nxb6 axb6 20. Qa6 Nb4 21. Qe2 Nc2 22. Nc5 Nxd4 23. Na6+ Kb7 24. Nxc7
Nxe2+ 25. Rxe2 Rd1+ 26. Kh2 Bd6+ 27. f4 Bxc7 28. Kg3 g5 29. Kf2 Bxf4 30. Bxf4
Rxa1 31. Bd2 e5 32. a3 Bb5 33. Re1 Rxe1 34. Bxe1 Rd8 35. Bc3 Rd3 36. Kg1 Rd1+
37. Kh2 Bc6 38. Kg3 Rg1 39. Kg4 Rxg2+ 40. Kf5 Rf2+ 41. Ke6 Bg2 42. Be1 Bxh3+
43. Kf7 Rf1 44. Bg3 e4 45. Kg7 h5 46. Kh6 h4 47. Bd6 e3 48. Kh5 e2 49. Bb4 Bf5
50. Kh6 e1=Q 51. Bxe1 Rxe1 52. Kg7 Re6 53. a4 h3 54. Kf8 h2 55. a5 h1=Q 56. a6+
Kxa6 57. Kg7 Qh7+ 58. Kf8 Bg6 59. b3 Re8# 0-1

[Event "12. Online Aktivschach WM"]
[Site "Schachcomputer.info"]
[Date "2016.02.21"]
[Round "5.1"]
[White "Revelation II Lyon"]
[Black "Tasc CM 32 MHz Gideon 3.1"]
[Result "0-1"]
[WhiteElo "2310"]
[BlackElo "2377"]
[PlyCount "68"]

1. b3 e5 2. Bb2 Nc6 3. e3 Nf6 4. Bb5 Bd6 5. Nf3 e4 6. Ng5 h6 7. Nh3 Be5 8. Bxe5
Nxe5 9. Nf4 c6 10. Be2 d6 11. O-O d5 12. d4 exd3 13. cxd3 d4 14. e4 g5 15. Nh5
Nxh5 16. Bxh5 g4 17. f4 gxf3 18. Bxf3 Qg5 19. Be2 Rg8 20. Rf2 Qe3 21. Qd2 Bg4
22. Bxg4 Rxg4 23. Qxe3 dxe3 24. Re2 Nf3+ 25. Kh1 Nd4 26. Rb2 O-O-O 27. Na3 f5
28. Nc4 e2 29. e5 Rdg8 30. g3 f4 31. Kg2 fxg3 32. h3 Rf4 33. Nd6+ Kc7 34. Ne4
h5 0-1